|
|
|
|
| LEADER |
00000nam a2200000 a 4500 |
| 001 |
vtls010285609 |
| 003 |
SK-MaSNL |
| 005 |
20260302011815.0 |
| 007 |
co bg auuua |
| 008 |
240314i2010 xo gs 000 0 slo |
| 015 |
|
|
|a SNBS2013
|
| 020 |
|
|
|a 9788097040215
|q (elektronická kniha)
|
| 040 |
|
|
|a SNK
|b slo
|c SNK
|e AACR2
|
| 041 |
0 |
|
|a slo
|
| 044 |
|
|
|a xo
|c SK
|
| 072 |
|
7 |
|a 364
|x Sociálne problémy vyžadujúce podporu a pomoc. Sociálne zabezpečenie
|2 konspekt
|
| 072 |
|
7 |
|a 821.162.4-3
|x Slovenská próza
|2 konspekt
|
| 080 |
|
|
|a 364.692:615.015.6
|2 2001
|
| 080 |
|
|
|a (0.034.44)
|2 2001
|
| 080 |
|
|
|a 821.162.4-32
|2 2001
|
| 100 |
1 |
|
|a Hallies, Chris,
|d 1953-
|4 aut
|9 325917
|
| 245 |
1 |
0 |
|a FLEŠ
|h elektronický zdroj
|b (skutočný príbeh)
|c Chris Hallies
|
| 260 |
|
|
|a Bratislava
|b AMIUM
|c 2010
|
| 300 |
|
|
|a 1 elektronický optický disk (CD-ROM)
|c 12 cm
|
| 500 |
|
|
|a Názov z titulnej obrazovky
|
| 500 |
|
|
|a Prológ autora
|
| 516 |
|
|
|a Textový dokument (próza), súbor v pdf
|
| 538 |
|
|
|a Technické požiadavky: pdf prehliadač
|
| 650 |
0 |
7 |
|a drogová závislosť
|2 SNKPH
|9 1551
|
| 650 |
0 |
7 |
|a Drug dependence
|2 SNKPHeng
|9 266453
|
| 655 |
|
7 |
|a elektronické zdroje
|2 SNKPH
|9 90954
|
| 655 |
|
7 |
|a CD-ROM
|2 SNKPH
|9 70236
|
| 655 |
|
7 |
|a Electronic resources
|2 SNKPHeng
|9 175546
|
| 655 |
|
7 |
|a slovenské príbehy
|2 SNKPH
|9 70494
|
| 655 |
|
7 |
|a Slovak stories
|2 SNKPHeng
|9 277112
|
| 919 |
|
|
|a 978-80-970402-1-5
|
| 999 |
|
|
|c 1007448
|d 1009378
|
| 952 |
|
|
|a SNK
|b SNK
|y PREZ
|7 0
|p 17A0705049
|o snkSCDM 3938
|i snk2011/13557
|8 0
|0 0
|1 0
|4 0
|d 2011-06-14
|l 0
|r 2026-02-24 12:40:42
|w 2026-02-24
|